Lady Alice : detektivní hra od Sherlocka Holmese /
Salvato in:
| Autori principali: | , |
|---|---|
| Natura: | Libro |
| Lingua: | ceco inglese |
| Pubblicazione: |
Praha
Albi
|
| Soggetti: | |
| Accesso online: | http://www.deskovehry.com/recenze-lady-alice-napinavy-detektivni-pribeh/ |
| Tags: |
Nessun Tag, puoi essere il primo ad aggiungerne!!
|
MARC
| LEADER | 00000nam a22000003a 4500 | ||
|---|---|---|---|
| 001 | 0072864 | ||
| 003 | SK-STU | ||
| 005 | 20190426170259.0 | ||
| 007 | ta | ||
| 008 | 190426s ----xo-----e------000-0-----d | ||
| 040 | |a STU |b slo | ||
| 041 | 0 | |a cze |h eng | |
| 100 | 1 | |a Gaillard, Ludovic |4 aut | |
| 245 | 1 | 0 | |a Lady Alice : |b detektivní hra od Sherlocka Holmese / |c aut. Ludovic Gaillard, Jean-Marie Minguez |
| 260 | |a Praha |b Albi | ||
| 300 | |a 1 desková hra ; |b v krabici 22 x 28 cm | ||
| 650 | 0 | 7 | |a spoločenské hry |
| 700 | 1 | |a Minguez, Jean-Marie |d 1977 - |4 aut | |
| 856 | 4 | 0 | |u http://www.deskovehry.com/recenze-lady-alice-napinavy-detektivni-pribeh/ |
| 996 | |c I*HRY003/19 |l II680 |s P |a 0 |w 0072864_0001 | ||